000
00265nam a22001097a 4500
082
_a
363.11 ACC'W
100
_a
WILLIAMS, W. A
_9
57392
245
_a
ACCIDENT PREVENTION MANUAL FOR SHOP TEACHERS
260
_a
LONDON
_b
TECHNICAL
_c
1963
300
_a
550P
942
_c
BK
999
_c
567680
_d
567680